Mély vízben Elfogadták elképzeléseimet /
Elmentve itt :
| Szerző: | |
|---|---|
| Dokumentumtípus: | Cikk |
| Megjelent: |
1985-04-09
|
| Sorozat: | Délmagyarország
75 No. 82 |
| Kulcsszavak: | Telihay László |
| Online Access: | http://dmarchiv.bibl.u-szeged.hu/100740 |
| LEADER | 00471nab a2200157 i 4500 | ||
|---|---|---|---|
| 001 | delm100740 | ||
| 005 | 20190912102316.0 | ||
| 008 | 190912s1985 hu o 0|| hun d | ||
| 040 | |a SZTE Délmagyarország Archívum |b hun | ||
| 041 | |a hun | ||
| 100 | 1 | |a Tanács István | |
| 245 | 1 | 0 | |a Mély vízben |h [elektronikus dokumentum] : |b Elfogadták elképzeléseimet / |c Tanács István |
| 260 | |c 1985-04-09 | ||
| 300 | |a 3 | ||
| 490 | 0 | |a Délmagyarország |v 75 No. 82 | |
| 695 | |a Telihay László | ||